Лекции по алгебре: учебное пособие для вузов

Bibliografiske detaljer
Hovedforfatter: Фаддеев Д. К. Дмитрий Константинович
Summary:Учебное пособие представляет собой изложение курса лекций по алгебре, читавшегося автором в Санкт-Петербургском государственном университете на протяжении ряда лет. Этот курс рассчитан на 3 семестра. Большим достоинством книги является то, что абстрактные понятия вводятся в ней как результаты обобщения конкретного математического материала. Для студентов университетов и пединститутов.
Sprog:russisk
Udgivet: Санкт-Петербург, Лань, 2005
Udgivelse:4-е изд., стер.
Fag:
Format: MixedMaterials Bog
KOHA link:https://koha.lib.tpu.ru/cgi-bin/koha/opac-detail.pl?biblionumber=110203

MARC

LEADER 00000nam0a2200000 4500
001 110203
005 20231101214923.0
010 |a 5811404476 
035 |a (RuTPU)RU\TPU\book\119011 
090 |a 110203 
100 |a 20070220d2005 m y0rusy50 ca 
101 0 |a rus 
102 |a RU 
105 |a y j 001zy 
200 1 |a Лекции по алгебре  |e учебное пособие для вузов  |f Д. К. Фаддеев 
205 |a 4-е изд., стер. 
210 |a Санкт-Петербург  |c Лань  |d 2005 
215 |a 416 с. 
320 |a Библиогр.: с. 416. 
330 |a Учебное пособие представляет собой изложение курса лекций по алгебре, читавшегося автором в Санкт-Петербургском государственном университете на протяжении ряда лет. Этот курс рассчитан на 3 семестра. Большим достоинством книги является то, что абстрактные понятия вводятся в ней как результаты обобщения конкретного математического материала. Для студентов университетов и пединститутов. 
451 1 |0 (RuTPU)RU\TPU\book\90514  |y 5-8114-0447-6  |t Лекции по алгебре  |o учебное пособие для вузов  |f Д. К. Фаддеев  |e 2-е изд., стер.  |c Санкт-Петербург  |n Лань  |d 2002  |p 416 с.  |a Фаддеев, Дмитрий Константинович 
606 |a Алгебра  |2 stltpush  |3 (RuTPU)RU\TPU\subj\1723  |9 30429 
610 1 |a учебные пособия 
610 1 |a целые числа 
610 1 |a комплексные числа 
610 1 |a полиномы 
610 1 |a матрицы 
610 1 |a определители 
610 1 |a квадратичные формы 
610 1 |a дроби 
610 1 |a теория 
610 1 |a группы 
610 1 |a векторные пространства 
610 1 |a евклидовы пространства 
610 1 |a унитарные пространства 
610 1 |a тензоры 
610 1 |a кватернионы 
610 1 |a внешняя алгебра 
675 |a 512(075.8)  |v 3 
700 1 |a Фаддеев  |b Д. К.  |g Дмитрий Константинович 
801 1 |a RU  |b 63413507  |c 20051026  |g PSBO 
801 2 |a RU  |b 63413507  |c 20190909  |g PSBO 
900 |a Алгебра и геометрия 
942 |c BK